| 000 | 00438nam a2200181Ia 4500 | ||
|---|---|---|---|
| 001 | 12532 | ||
| 005 | 20260306162948.0 | ||
| 008 | 260306t2021||||xx |||||||||||||| ||spa|| | ||
| 041 | _aESP | ||
| 082 |
_aHR 346 _bN° 1 ENE-FEB 2021 RDC |
||
| 100 |
_aBigiavi, Walter _eAUT |
||
| 245 | 0 | _aRivista di diritto civile | |
| 260 | _c2021 | ||
| 300 |
_a203 páginas : _c24 cm. |
||
| 650 | _aGEN | ||
| 654 | _aCDE | ||
| 942 |
_cREV _dJUS _fJUS _2ddc _n |
||
| 999 |
_c12532 _d12532 |
||